|
|
|
|
| LEADER |
01680nam a2200337 a 4500 |
| 001 |
12462042 |
| 008 |
090824r20082002maua b 001 0 eng d |
| 010 |
|
|
|a 2001044139
|
| 020 |
|
|
|a 9780070486584
|
| 020 |
|
|
|a 0070486581
|
| 020 |
|
|
|a 0073660116
|
| 020 |
|
|
|a 0071122567
|
| 040 |
|
|
|a DLC
|c DLC
|d DLC
|
| 082 |
0 |
0 |
|a 519.2
|2 21
|
| 100 |
1 |
|
|a Papoulis, Athanasios,
|d 1921-
|
| 245 |
1 |
0 |
|a Probability, random variables, and stochastic processes /
|c Athanasios Papoulis, S. Unnikrishna Pillai.
|
| 250 |
|
|
|a 4th ed.
|
| 260 |
|
|
|a Boston :
|b McGraw-Hill, ;
|a TaTa McGraw-Hill,
|c c2002. [Reprinted 2005]
|
| 300 |
|
|
|a x, 852 p. :
|b ill. ;
|c 25 cm.
|
| 504 |
|
|
|a Includes bibliographical references (p.835-836)and index.
|
| 541 |
1 |
|
|e 00018022
|
| 650 |
|
0 |
|a Probabilities.
|
| 650 |
|
0 |
|a Random variables.
|
| 650 |
|
0 |
|a Stochastic processes.
|
| 700 |
1 |
|
|a Pillai, S. Unnikrishna,
|d 1955-
|
| 852 |
4 |
|
|a Ayesha Abed Library
|j General shelf
|
| 999 |
|
|
|c 3377
|d 3377
|
| 952 |
|
|
|0 0
|1 0
|2 ddc
|4 0
|6 519_200000000000000_PAP_2008
|7 0
|9 4492
|a BRACUL
|b BRACUL
|c GEN
|d 2009-10-19
|g 490.00
|l 2
|m 8
|o 519.2 PAP
|p 3010018022
|r 2025-05-20
|s 2025-02-11
|t 1
|v 980.00
|w 2009-10-19
|y BK
|
| 952 |
|
|
|0 0
|1 0
|2 ddc
|4 0
|6 519_200000000000000_PAP_2008
|7 0
|9 4494
|a BRACUL
|b BRACUL
|c GEN
|d 2009-10-17
|e Paragon
|g 490.00
|l 3
|m 25
|o 519.2 PAP
|p 3010018023
|r 2019-12-08
|s 2019-12-03
|t 2
|v 980.00
|w 2009-10-19
|y BK
|
| 952 |
|
|
|0 0
|1 0
|2 ddc
|4 0
|6 519_200000000000000_PAP_2008
|7 0
|9 11568
|a BRACUL
|b BRACUL
|c GEN
|d 2010-07-06
|l 2
|m 13
|o 519.2 PAP
|p 3010019262
|r 2015-08-20
|s 2015-05-21
|t 3
|w 2010-07-06
|y BK
|
| 952 |
|
|
|0 0
|1 0
|2 ddc
|4 0
|6 519_200000000000000_PAP_2008
|7 0
|9 11569
|a BRACUL
|b BRACUL
|c GEN
|d 2010-07-06
|l 3
|m 24
|o 519.2 PAP
|p 3010019429
|r 2012-09-03
|s 2012-05-20
|t 4
|w 2010-07-06
|y BK
|